00407nam a2200121Ia 4500008004100000040001800041041000800059245008000067260005200147300001800199650004500217650002300262130821s1965 mx gr spa  aCo-BoUCMbspa aspa00aGran crónica de la segunda guerra mundial relaciones del Reader's Digest aMéxico D.F. (México)bReader's Digestc1965 a3 volúmenes04aGuerra Mundial II, 1939 -1945d1939-194504aHistoria de Europa